Statistics for General knowledge - Fashion

Click here to take the quiz!

General Stats

  • This quiz has been taken 1,885 times
  • The average score is 5 of 12

Answer Stats

HintAnswer% Correct
Who introduced the little black dress ?Coco Chanel
83%
British designer Stella McCartney is the daughter of which famous Beatle?Paul
71%
Who is the editor of the Vogue US magazine ?Anna Wintour
62%
Who introduced the full-skirted silhouette dubbed the "New Look" in the late 1940s?Christian Dior
55%
Which fashion house has a horse as a logo ?Ralph Lauren
52%
Marion Cotillard and Natalie Portman are the muse of which fashion house ?Dior
50%
Who is the head designer of the fashion house Chanel ?Karl Lagerfeld
49%
Alexander Wang was chosen as the new creative director of which fashion house ?Balenciaga
24%
Which designer got fired because of anti-Semitic sayings ?John Galliano
20%
Who was the first designer to put African American models on the runway?Yves Saint Laurent
19%
What are Dolce & Gabbana's first names?Domenico Stefano
15%
Which british designer first wanted to be a professional cyclist ?Paul Smith
6%

Score Distribution

Percentile by Number Answered

Percent of People with Each Score

Your Score History

You have not taken this quiz